Community Medicine (Record no. 1827)
[ view plain ]
| 000 -LEADER | |
|---|---|
| Fixed length control field | 00626nam a2200217Ia 4500 |
| 003 - CONTROL NUMBER IDENTIFIER | |
| Control field | IIN |
| 005 - DATE AND TIME OF LATEST TRANSACTION | |
| Control field | 20250521112346.0 |
| 008 - FIXED-LENGTH DATA ELEMENTS--GENERAL INFORMATION | |
| Fixed length control field | 250521s2023 xx ad 001 0 eng d |
| 020 ## - INTERNATIONAL STANDARD BOOK NUMBER / ISBN | |
| Price | Rs.975.00 |
| International Standard Book Number | 9788131267363 |
| 040 ## - CATALOGING SOURCE | |
| Original cataloging agency | IIN |
| Language of cataloging | English |
| 082 ## - DEWEY DECIMAL CLASSIFICATION NUMBER | |
| Classification number | 362.10425 |
| Book Number | PAT |
| 100 1# - MAIN ENTRY--PERSONAL NAME | |
| Personal name | Patil, Rajkumar |
| 245 1# - TITLE STATEMENT | |
| Title | Community Medicine |
| Sub title | Practical Manual with Viva/ |
| Statement of responsibility | Rajkumar Patil |
| 250 ## - EDITION STATEMENT | |
| Edition statement | 2nd ed. |
| 260 ## - IMPRINT | |
| Place of publication | New Delhi |
| Name of publisher | Elsevier |
| Date of publication | 2023 |
| 300 ## - PHYSICAL DESCRIPTION | |
| Page / Vol. No | xii, 407 p. |
| Other physical details | col. ill. |
| 500 ## - GENERAL NOTE | |
| General note | Includes Index |
| 650 1# - SUBJECT ADDED ENTRY--TOPICAL TERM | |
| Topical term | Community health nursing |
| Form subdivision | Practice |
| 650 1# - SUBJECT ADDED ENTRY--TOPICAL TERM | |
| Topical term | Community health services |
| Form subdivision | Practice |
| 942 ## - ADDED ENTRY ELEMENTS (KOHA) | |
| Koha item type | Books |
| Withdrawn status | Lost status | Source of classification | Damaged status | Not for loan | Collection code | Home library | Current library | Shelving location | Date acquired | Price | Total Checkouts | Call number | Accession number | Date last seen | Price effective from | Koha item type |
|---|---|---|---|---|---|---|---|---|---|---|---|---|---|---|---|---|
| Dewey Decimal Classification | Purches Book | IDEAL INSTITUTE OF NURSING | IDEAL INSTITUTE OF NURSING | General Stacks | 11/03/2025 | 975.00 | 362.10425 PAT | 2043 | 21/05/2025 | 21/05/2025 | Books |
